000 00818nam a2200265 a 4500
001 76087
003 BD-RjUL
005 20211209082803.0
008 191025r19711964nyua b 001 0 eng
035 _a(BD-RjUL)76307
040 _aDLC
_cDLC
_dBD-RjUL
_beng
041 _aeng
082 0 0 _a658.8
_223
_bSTF 1971
100 1 _aStanton, William J.
_9164017
245 1 0 _aFundamentals of marketing /
_cWilliam J. Stanton.
250 _aThird edition.
260 _aNew York :
_bMcGraw-Hill,
_cc1964 [ reprinted 1971 ]
300 _axvii, 729 p. :
_bill. ;
_c25 cm.
490 0 _aMcGraw-Hill series in marketing
504 _aIncludes bibliographical references and indexes.
650 0 _aMarketing.
_9164018
650 0 _aMarketing
_9164018
830 _aMcGraw-Hill series in marketing
_9234007
942 _2ddc
_cBK
999 _c76087
_d76087